000
00294nam a22001097a 4500
999
_c
13627
_d
13627
082
_a
891.4393
100
_a
مقبول ارشد
245
_a
مشہور لوگوں کی عظیم مائیں
260
_a
لاہور
_b
حق پبلیکیشنز
_c
٢٠٠٤
300
_a
٣٢٤ صفحات
942
_c
BK